<?xml version="1.0" encoding="UTF-8"?>
<collection xmlns="http://www.loc.gov/MARC21/slim">
 <record>
  <leader>01530nam a2200205Ia 4500</leader>
  <controlfield tag="001">CTU_124126</controlfield>
  <controlfield tag="008">210402s9999    xx            000 0 und d</controlfield>
  <datafield tag="020" ind1=" " ind2=" ">
   <subfield code="c">1599000</subfield>
  </datafield>
  <datafield tag="082" ind1=" " ind2=" ">
   <subfield code="a">543.0858</subfield>
  </datafield>
  <datafield tag="082" ind1=" " ind2=" ">
   <subfield code="b">I.58/Vol.1</subfield>
  </datafield>
  <datafield tag="245" ind1=" " ind2="0">
   <subfield code="a">Inorganic electronic structure and spectroscopy</subfield>
  </datafield>
  <datafield tag="245" ind1=" " ind2="0">
   <subfield code="c">Edited by Edward I. Solomon, A. B. P. Lever</subfield>
  </datafield>
  <datafield tag="260" ind1=" " ind2=" ">
   <subfield code="a">Hoboken, N.J.</subfield>
  </datafield>
  <datafield tag="260" ind1=" " ind2=" ">
   <subfield code="b">Wiley-Interscience</subfield>
  </datafield>
  <datafield tag="260" ind1=" " ind2=" ">
   <subfield code="c">2006</subfield>
  </datafield>
  <datafield tag="520" ind1=" " ind2=" ">
   <subfield code="a">This newly available paperbound edition of Inorganic Electronic Structure and Spectroscopy includes all the material from the original clothbound edition published in 1999. Consisting of articles contributed by outstanding scientists from around the world, Volume I, Methodology presents the state of the art in this field, written in a style accessible to the well-read senior undergraduate, and yet still of superior value to the senior researcher. The first of a two-volume set, Volume I provides a thorough review of methodologies in transition metal spectroscopy and theoretical modeling, including: Electron Paramagnetic Resonance Spectroscopy; IR, Raman, and Resonance Raman Spectroscopy; Newer techniques used in inorganic chemistry, such as polarized absorption spectroscopy; Luminescence spectroscopy; Laser spectroscopy, X-ray and absorption spectroscopy, and EXAFS; Three important chapters on traditional ligand field theory.</subfield>
  </datafield>
  <datafield tag="650" ind1=" " ind2=" ">
   <subfield code="a">Inorganic compounds,Spectrum analysis</subfield>
  </datafield>
  <datafield tag="650" ind1=" " ind2=" ">
   <subfield code="x">Analysis</subfield>
  </datafield>
  <datafield tag="904" ind1=" " ind2=" ">
   <subfield code="i">Nguyên</subfield>
  </datafield>
  <datafield tag="980" ind1=" " ind2=" ">
   <subfield code="a">Trung tâm Học liệu Trường Đại học Cần Thơ</subfield>
  </datafield>
 </record>
</collection>
